000 01751cam a22003614a 4500
001 13378101
005 20170105102914.0
008 031020s2004 mau b 001 0 eng
010 _a 2003023161
020 _a0807002348 (cloth : alk. paper)
040 _aDLC
_cDLC
_dDLC
042 _apcc
043 _aaw-----
_an-us---
050 0 0 _aDS63.2.U5
_bK49 2004
082 0 0 _a303.48/273056
_222
100 1 _aKhalidi, Rashid.
245 1 0 _aResurrecting Empire :
_bwestern footprints and America's perilous path in the Middle East /
_cRashid Khalidi.
246 3 0 _aWestern footprints and America's perilous path in the Middle East
250 _a1st cloth ed.
260 _aBoston :
_bBeacon Press,
_cc2004.
300 _axiv, 223 p. ;
_c23 cm.
504 _aIncludes bibliographical references (p. 177-211) and index.
505 0 _aThe perils of ignoring history -- The legacy of the Western encounter with the Middle East -- America, the West and democracy in the Middle East -- The Middle East : geostrategy and oil -- The United States and Palestine -- Raising the ghosts of empire.
650 0 _aDemocracy
_zMiddle East.
650 0 _aArab-Israeli conflict.
651 0 _aMiddle East
_xRelations
_zUnited States.
651 0 _aUnited States
_xRelations
_zMiddle East.
856 4 2 _3Publisher description
_uhttp://www.loc.gov/catdir/description/hm041/2003023161.html
856 4 1 _3Table of contents
_uhttp://www.loc.gov/catdir/toc/ecip0410/2003023161.html
906 _a7
_bcbc
_corignew
_d1
_eecip
_f20
_gy-gencatlg
942 _2ddc
_cBK
999 _c15271
_d15271